| 000 | 00351nam a2200133Ia 4500 | ||
|---|---|---|---|
| 008 | 240624s9999 xx 000 0 und d | ||
| 041 | _aeng | ||
| 082 | _a339 BLA | ||
| 100 | _aBLANCHARD OLIVIER JEAN | ||
| 245 | _aLECTURES ON MACROECONOMICS | ||
| 260 |
_c2005 _aNew Delhi _bPrentice-Hall of India |
||
| 300 | _axiii, : 650 : p. : cm. ; 25 | ||
| 365 | _cRS | ||
| 999 |
_c4010 _d4010 |
||